Essentials of business environment

Bibliographic Details
Main Author: Aswathappa, K.
Corporate Author: ProQuest (Firm)
Format: Electronic eBook
Language:English
Published: Mumbai [India] : Himalaya Pub. House, 2009.
Edition:Rev. ed.
Subjects:
Online Access:Click to View
LEADER 01205nam a2200349 a 4500
001 EBC3011468
003 MiAaPQ
005 20200520144314.0
006 m o d |
007 cr cn|||||||||
008 101005s2009 ii a sb 001 0 eng d
020 |z 9788183189156 
035 |a (MiAaPQ)EBC3011468 
035 |a (Au-PeEL)EBL3011468 
035 |a (CaPaEBR)ebr10416237 
035 |a (OCoLC)923634493 
040 |a MiAaPQ  |c MiAaPQ  |d MiAaPQ 
043 |a a-ii--- 
050 4 |a HF1008  |b .A89 2009 
100 1 |a Aswathappa, K. 
245 1 0 |a Essentials of business environment  |h [electronic resource] /  |c K. Aswathappa. 
250 |a Rev. ed. 
260 |a Mumbai [India] :  |b Himalaya Pub. House,  |c 2009. 
300 |a 568 p. :  |b ill. 
504 |a Includes bibliographical references and index. 
533 |a Electronic reproduction. Ann Arbor, MI : ProQuest, 2015. Available via World Wide Web. Access may be limited to ProQuest affiliated libraries. 
650 0 |a Business. 
650 0 |a Work environment. 
651 0 |a India  |x Commerce. 
655 4 |a Electronic books. 
710 2 |a ProQuest (Firm) 
856 4 0 |u https://ebookcentral.proquest.com/lib/matrademy/detail.action?docID=3011468  |z Click to View